Kỹ thuật nuôi dưỡng và chăm sóc dê

Để góp phần phát triển và bảo vệ đàn dê, nâng cao hiệu quả chăn nuôi , chúng tôi trân trọng giới thiệu cuốn sách này. Cuốn sách này nằm trong bộ sách Kỹ thuật nông nghiệp, sẽ giới thiệu những đặc điểm của loài dê từ đó hướng dẫn ca...

Disgrifiad llawn

Wedi'i Gadw mewn:
Manylion Llyfryddiaeth
Prif Awdur: Nguyễn, Hữu Hoàng
Fformat: Llyfr
Iaith:Undetermined
Cyhoeddwyd: Hà Nôi Thời đại 21 cm
Tagiau: Ychwanegu Tag
Dim Tagiau, Byddwch y cyntaf i dagio'r cofnod hwn!
Thư viện lưu trữ: Trung tâm Học liệu Trường Đại học Cần Thơ
LEADER 00959nam a2200169Ia 4500
001 CTU_180419
008 210402s9999 xx 000 0 und d
082 |a 636.39 
082 |b H407 
100 |a Nguyễn, Hữu Hoàng 
245 0 |a Kỹ thuật nuôi dưỡng và chăm sóc dê 
245 0 |c Nguyễn Hữu Hoàng, Lương Xuân Lâm 
260 |a Hà Nôi 
260 |b Thời đại 
260 |c 21 cm 
520 |a Để góp phần phát triển và bảo vệ đàn dê, nâng cao hiệu quả chăn nuôi , chúng tôi trân trọng giới thiệu cuốn sách này. Cuốn sách này nằm trong bộ sách Kỹ thuật nông nghiệp, sẽ giới thiệu những đặc điểm của loài dê từ đó hướng dẫn cách chăm sóc, làm chuồng trại và cách chọn giống... 
980 |a Trung tâm Học liệu Trường Đại học Cần Thơ